| 000 | 00316 a2200133 4500 | ||
|---|---|---|---|
| 003 | Nust | ||
| 005 | 20170207153500.0 | ||
| 040 | _cNust | ||
| 082 | _a511 | ||
| 245 |
_aExamples in Electrical Calculations _cAdmiralty |
||
| 260 |
_aEngand _bThe Enghlish Language Book So |
||
| 300 | _a467p | ||
| 650 | _aElectrical Calculations | ||
| 942 |
_2ddc _cBK |
||
| 999 |
_c187294 _d187294 |
||